[Event "76. LJUBLJANSKA SAHOVSKA LIGA 2024"]
[Site "gostovanja"]
[Date "2024.01.25"]
[Round "2.1"]
[White "Hiti, Domen"]
[Black "Coklin, Marko"]
[Result "1-0"]
[WhiteElo "2241"]
[BlackElo "2093"]
[PlyCount "67"]
[EventDate "2024.01.25"]
[WhiteTeam "SK IG"]
[BlackTeam "SK TRZIN BUSCOTRADE"]

1. d4 Nf6 2. c4 g6 3. Nc3 Bg7 4. e4 d6 5. Nf3 O-O 6. Be2 e5 7. d5 Bg4 8. Be3
Nbd7 9. Qd2 a5 10. h3 Bxf3 11. Bxf3 Nc5 12. O-O-O Nfd7 13. g4 f6 14. h4 Rf7 15.
Rdg1 Bf8 16. Be2 Be7 17. g5 Nf8 18. h5 fxg5 19. hxg6 Nxg6 20. Bxg5 Bxg5 21.
Rxg5 Rf4 22. Rgh5 Nf8 23. Rg1+ Ng6 24. Bg4 Nd7 25. Be6+ Kg7 26. Ne2 Nf6 27.
Nxf4 exf4 28. Qc3 Qe7 29. Rf5 Rf8 30. Rxf4 Kh8 31. Rf5 Ne5 32. f4 Ng6 33. Qh3
Qg7 34. Rfg5 1-0

[Event "76. LJUBLJANSKA SAHOVSKA LIGA 2024"]
[Site "gostovanja"]
[Date "2024.01.25"]
[Round "2.1"]
[White "Lah, Emil"]
[Black "Janzelj, Lara"]
[Result "0-1"]
[WhiteElo "1943"]
[BlackElo "2167"]
[PlyCount "96"]
[EventDate "2024.01.25"]
[WhiteTeam "SK TRZIN BUSCOTRADE"]
[BlackTeam "SK IG"]

1. e4 e5 2. Nf3 Nc6 3. Bc4 Nf6 4. d3 h6 5. c3 d6 6. h3 g6 7. b4 Bg7 8. a4 d5 9.
exd5 Nxd5 10. Qb3 Be6 11. O-O O-O 12. Bb2 Re8 13. Na3 Nf4 14. Bxe6 Rxe6 15.
Rad1 Rd6 16. Nb5 Rxd3 17. Rxd3 Qxd3 18. Rd1 Qf5 19. Nxc7 Rc8 20. Nd5 Nxh3+ 21.
Kf1 e4 22. Ne3 Qf6 23. Nd5 Qe6 24. Re1 Nf4 25. c4 Nxg2 26. Rxe4 Qxe4 27. Bxg7
Kxg7 28. Qb2+ Ne5 29. Nxe5 f6 30. Nxf6 Ne3+ 31. Ke2 Nxc4+ 32. Nxe4 Nxb2 33. f4
Nxa4 34. Ke3 b6 35. Nd6 Rd8 36. Nb5 a5 37. bxa5 bxa5 38. Nc6 Ra8 39. Kd4 h5 40.
Ke4 Nb6 41. Ncd4 Re8+ 42. Kf3 Nc4 43. Nc7 Re3+ 44. Kf2 a4 45. Nd5 Re4 46. Nc2
a3 47. Kf3 Re8 48. Nc7 Rc8 0-1

[Event "76. LJUBLJANSKA SAHOVSKA LIGA 2024"]
[Site "gostovanja"]
[Date "2024.01.25"]
[Round "2.1"]
[White "Rozic, Adrijan"]
[Black "Krupenko, Peter"]
[Result "1/2-1/2"]
[WhiteElo "2014"]
[BlackElo "1974"]
[PlyCount "65"]
[EventDate "2024.01.25"]
[WhiteTeam "SK IG"]
[BlackTeam "SK TRZIN BUSCOTRADE"]

1. d4 d5 2. Nf3 Nf6 3. e3 g6 4. Bd3 Bg7 5. O-O O-O 6. Ne5 Nbd7 7. f4 Ne4 8. c4
c6 9. Nc3 Ndf6 10. Bd2 Bf5 11. Be1 a6 12. Bh4 Rc8 13. c5 Nxc3 14. bxc3 Ne4 15.
Qc2 Bf6 16. Nf3 e6 17. Bxf6 Nxf6 18. Rab1 Qc7 19. Rb2 Rb8 20. Rfb1 Rfe8 21. h3
Be4 22. Ne5 Bxd3 23. Qxd3 Ne4 24. Rb6 f6 25. Nf3 e5 26. fxe5 fxe5 27. Nxe5 Nxc5
28. Qc2 Nd7 29. Nxd7 Qxd7 30. c4 Qe6 31. cxd5 Qxe3+ 32. Qf2 cxd5 33. Qxe3
1/2-1/2

[Event "76. LJUBLJANSKA SAHOVSKA LIGA 2024"]
[Site "gostovanja"]
[Date "2024.01.25"]
[Round "2.1"]
[White "Raspor, Gregor"]
[Black "Janzelj, Erika-Marija"]
[Result "1-0"]
[WhiteElo "1962"]
[BlackElo "1589"]
[PlyCount "61"]
[EventDate "2024.01.25"]
[WhiteTeam "SK TRZIN BUSCOTRADE"]
[BlackTeam "SK IG"]

1. d4 d5 2. c4 dxc4 3. Nf3 e6 4. e4 Nf6 5. e5 Nd5 6. Bxc4 Be7 7. O-O c6 8. Qe2
Nd7 9. Qe4 Nf8 10. h4 h5 11. Ng5 Bxg5 12. Bxg5 f6 13. exf6 gxf6 14. Bc1 Qe7 15.
Nc3 Nxc3 16. bxc3 Bd7 17. Rb1 b6 18. a4 Rg8 19. Be2 Qf7 20. a5 bxa5 21. g3 Rc8
22. Kh2 Kd8 23. Bf4 e5 24. dxe5 Qe6 25. Qg2 Ng6 26. Qe4 Qh3+ 27. Kg1 Nxh4 28.
exf6 Ng6 29. Bg5 Re8 30. f7+ Re7 31. Qxg6 1-0

[Event "76. LJUBLJANSKA SAHOVSKA LIGA 2024"]
[Site "gostovanja"]
[Date "2024.01.25"]
[Round "2.2"]
[White "Debevec, Blaz"]
[Black "Stevanic, David"]
[Result "0-1"]
[WhiteElo "2077"]
[BlackElo "2294"]
[PlyCount "88"]
[EventDate "2024.01.25"]
[WhiteTeam "SD DOMZALE"]
[BlackTeam "SD KOCEVJE"]

1. e4 e5 2. Nf3 Nf6 3. Nxe5 d6 4. Nf3 Nxe4 5. d4 d5 6. Bd3 Bd6 7. c4 c6 8. h3
O-O 9. O-O Bf5 10. Nc3 Nxc3 11. bxc3 Bxd3 12. Qxd3 dxc4 13. Qxc4 Nd7 14. Bg5
Qc7 15. Rfe1 b5 16. Qd3 Nb6 17. Re2 h6 18. Bd2 Nc4 19. Rae1 c5 20. Qf5 Nxd2 21.
Nxd2 cxd4 22. cxd4 Qb6 23. Ne4 Bb4 24. Rd1 a5 25. Re3 Rfe8 26. Rg3 Re6 27. Rf3
Re7 28. a3 Qe6 29. axb4 Qxe4 30. Qxe4 Rxe4 31. bxa5 Rxa5 32. Rb3 Re2 33. d5
Raa2 34. d6 Rxf2 35. d7 Rxg2+ 36. Kf1 Raf2+ 37. Ke1 Rg1+ 38. Kxf2 Rxd1 39. Rxb5
Rxd7 40. h4 g6 41. h5 g5 42. Rb6 Kg7 43. Kg3 Rd3+ 44. Kg2 Rd4 0-1

[Event "76. LJUBLJANSKA SAHOVSKA LIGA 2024"]
[Site "gostovanja"]
[Date "2024.01.25"]
[Round "2.2"]
[White "Mihic, Adam"]
[Black "Markosek, Bine"]
[Result "0-1"]
[WhiteElo "1240"]
[BlackElo "1881"]
[PlyCount "112"]
[EventDate "2024.01.25"]
[WhiteTeam "SD KOCEVJE"]
[BlackTeam "SD DOMZALE"]

1. e4 e5 2. Nf3 Nc6 3. Bc4 Bc5 4. c3 Nf6 5. d4 exd4 6. e5 d5 7. Bb5 Ne4 8. cxd4
Bb4+ 9. Bd2 Bxd2+ 10. Nbxd2 Nxd2 11. Qxd2 Bd7 12. Bxc6 Bxc6 13. O-O O-O 14.
Rac1 a5 15. Ne1 Bb5 16. Nd3 Qh4 17. f4 Rfe8 18. Rf3 Bxd3 19. Qxd3 Qe7 20. Rh3
g6 21. f5 Qg5 22. Rf1 Kg7 23. Rg3 Qh5 24. Qe3 h6 25. Rh3 Qg5 26. f6+ Kg8 27.
Qxg5 hxg5 28. Rh6 c5 29. h4 cxd4 30. hxg5 Rxe5 31. Rf3 Rxg5 32. Rfh3 Rh5 33.
R6xh5 gxh5 34. Rxh5 Rc8 35. Rxd5 Rc1+ 36. Kh2 Rc2 37. Rxd4 Rxb2 38. a4 b6 39.
Kh3 Rb4 40. Rd6 Kh7 41. g3 Kg6 42. Rc6 Kf5 43. Rd6 Ke5 44. Rc6 Kd5 45. Rc7 Ke6
46. Rc6+ Kd7 47. Rc3 Rxa4 48. Re3 Rb4 49. Re7+ Kd6 50. Rxf7 Ke6 51. Rf8 Kf5 52.
g4+ Kg6 53. Kg3 a4 54. Kh4 b5 55. Kh3 a3 56. Ra8 Ra4 0-1

[Event "76. LJUBLJANSKA SAHOVSKA LIGA 2024"]
[Site "gostovanja"]
[Date "2024.01.25"]
[Round "2.2"]
[White "Timagina, Sofia"]
[Black "Mihic, Peter"]
[Result "1/2-1/2"]
[WhiteElo "1660"]
[BlackElo "1196"]
[PlyCount "70"]
[EventDate "2024.01.25"]
[WhiteTeam "SD DOMZALE"]
[BlackTeam "SD KOCEVJE"]

1. e4 e5 2. Nf3 Nc6 3. Bc4 Bc5 4. d3 Nf6 5. O-O h6 6. Nbd2 d6 7. c3 Bg4 8. h3
Bh5 9. Re1 O-O 10. Nf1 Qd7 11. Ng3 Bg6 12. Nh4 Kh8 13. Qf3 Ne7 14. Bxh6 Nxe4
15. Bxg7+ Kxg7 16. Nxe4 Bxe4 17. Rxe4 f5 18. Ree1 d5 19. Bb3 e4 20. Qf4 c6 21.
Rad1 Rh8 22. dxe4 fxe4 23. Rxe4 Ng6 24. Nf5+ Kf6 25. Qg3 Qxf5 26. Rg4 Rae8 27.
Rd3 Re1+ 28. Kh2 Bxf2 29. Rxg6+ Kf7 30. Rg7+ Kf8 31. Rf3 Bg1+ 32. Kh1 Bf2+ 33.
Kh2 Bg1+ 34. Kh1 Bf2+ 35. Kh2 Bg1+ 1/2-1/2

[Event "76. LJUBLJANSKA SAHOVSKA LIGA 2024"]
[Site "gostovanja"]
[Date "2024.01.25"]
[Round "2.3"]
[White "Olenik Campa, Rudi"]
[Black "Markoja Jeraj, Sebastijan"]
[Result "1-0"]
[WhiteElo "2299"]
[BlackElo "2242"]
[PlyCount "77"]
[EventDate "2024.01.25"]
[WhiteTeam "SK LJUBLJANA TAJFUN"]
[BlackTeam "SK DOL PRI LJUBLJANI"]

1. e4 c5 2. Nf3 Nc6 3. Bb5 Qc7 4. O-O g6 5. Re1 Bg7 6. c3 a6 7. Bf1 d6 8. d4
cxd4 9. cxd4 Bg4 10. Be3 Bxf3 11. gxf3 Nf6 12. Nc3 O-O 13. Rc1 Qa5 14. d5 Ne5
15. f4 Ned7 16. Qa4 Qd8 17. Qb4 Ng4 18. Qxb7 Nxe3 19. fxe3 Rb8 20. Qxa6 Rxb2
21. Qa3 Qb8 22. Re2 Rxe2 23. Bxe2 Nc5 24. Nb5 Qc8 25. e5 Qh3 26. exd6 exd6 27.
Nxd6 Nd7 28. Nc4 Re8 29. Bf1 Qg4+ 30. Bg2 Bf8 31. d6 Rb8 32. Qa7 Rd8 33. Qc7
Nc5 34. Qxf7+ Kh8 35. h3 Qe2 36. Bd5 Bg7 37. d7 Rf8 38. Qxf8+ Bxf8 39. d8=Q 1-0

[Event "76. LJUBLJANSKA SAHOVSKA LIGA 2024"]
[Site "gostovanja"]
[Date "2024.01.25"]
[Round "2.3"]
[White "Azinovic, Igor"]
[Black "Zmavc, Mark"]
[Result "0-1"]
[WhiteElo "1644"]
[BlackElo "1960"]
[PlyCount "120"]
[EventDate "2024.01.25"]
[WhiteTeam "SK DOL PRI LJUBLJANI"]
[BlackTeam "SK LJUBLJANA TAJFUN"]

1. e4 c5 2. Nf3 e6 3. d4 cxd4 4. Nxd4 Nc6 5. Nc3 Qc7 6. Be3 Nf6 7. Qf3 d6 8.
Ndb5 Qb8 9. O-O-O a6 10. Nd4 Qc7 11. h3 Ne5 12. Qg3 h5 13. f4 h4 14. Qf2 Nc4
15. e5 Nxe3 16. Qxe3 dxe5 17. fxe5 Nd7 18. Nf3 Rh5 19. Re1 Bb4 20. Ng5 Be7 21.
Nce4 Qxe5 22. Nf3 Qc7 23. Be2 Rd5 24. Rhf1 Ne5 25. Nc3 Rc5 26. Nxe5 Rxe5 27.
Qf3 Rf5 28. Qg4 Rxf1 29. Rxf1 Qe5 30. Kb1 Bf6 31. Rd1 Bd7 32. Qb4 Bc6 33. Bf3
Bxf3 34. gxf3 Qc7 35. Ne4 Be7 36. Qb3 Rc8 37. c3 b5 38. Qc2 b4 39. Qa4+ Qc6 40.
Qa5 f5 41. Nf2 bxc3 42. bxc3 Qxc3 43. Qxc3 Rxc3 44. Nd3 Bf6 45. Nf4 Ke7 46. Rd3
Rxd3 47. Nxd3 Kd6 48. Kc2 g5 49. Kd2 Bd4 50. Ke2 a5 51. Ne1 Kd5 52. Ng2 e5 53.
Kd3 e4+ 54. fxe4+ fxe4+ 55. Ke2 Kc4 56. Kd2 Kb4 57. Ne1 Bc3+ 58. Ke2 Bxe1 59.
Kxe1 Ka3 60. Ke2 Kxa2 0-1

[Event "76. LJUBLJANSKA SAHOVSKA LIGA 2024"]
[Site "gostovanja"]
[Date "2024.01.25"]
[Round "2.3"]
[White "Belyaletdinov, Leonard"]
[Black "Magerl, Zan"]
[Result "1/2-1/2"]
[WhiteElo "1581"]
[BlackElo "1398"]
[PlyCount "94"]
[EventDate "2024.01.25"]
[WhiteTeam "SK LJUBLJANA TAJFUN"]
[BlackTeam "SK DOL PRI LJUBLJANI"]

1. d4 d5 2. Nf3 Nf6 3. e3 Bf5 4. Bd3 Bxd3 5. Qxd3 c6 6. c4 e6 7. O-O Be7 8.
Nbd2 O-O 9. Ne5 Nbd7 10. f4 c5 11. b3 cxd4 12. exd4 Bb4 13. Ndf3 a6 14. a3 Ba5
15. g4 Ne4 16. cxd5 exd5 17. Ra2 Bc7 18. Rg2 f6 19. Nxd7 Qxd7 20. h4 Rac8 21.
h5 Qb5 22. Qxb5 axb5 23. Nh4 Bb6 24. Nf5 Kf7 25. Bb2 Rc6 26. g5 g6 27. Ne3 Rd8
28. f5 gxh5 29. g6+ Kg7 30. Rf4 Ng5 31. gxh7 Kxh7 32. Rh2 Kh6 33. Rf1 Rcd6 34.
Ng4+ Kg7 35. Rxh5 Rh8 36. Nxf6 Rxf6 37. Rxg5+ Kf7 38. Rf2 Rh4 39. Rh2 Rfh6 40.
Rhg2 Bxd4+ 41. Bxd4 Rxd4 42. Rg7+ Kf6 43. Rxb7 Kxf5 44. Rxb5 Kf4 45. Rb7 Rd1+
46. Kf2 Rd2+ 47. Kg1 Rd1+ 1/2-1/2

[Event "76. LJUBLJANSKA SAHOVSKA LIGA 2024"]
[Site "gostovanja"]
[Date "2024.01.25"]
[Round "2.4"]
[White "Jancigaj, Saso Valentin"]
[Black "Gantar, Jan"]
[Result "1/2-1/2"]
[WhiteElo "1613"]
[BlackElo "2180"]
[PlyCount "51"]
[EventDate "2024.01.25"]
[WhiteTeam "SK VISNJA GORA - STICNA"]
[BlackTeam "SK KOMENDA POPOTNIK"]

1. f4 Nf6 2. e3 g6 3. Nf3 Bg7 4. d4 O-O 5. Bd3 c5 6. c3 b6 7. O-O Bb7 8. Nbd2
d6 9. Qe2 Nbd7 10. e4 cxd4 11. cxd4 e5 12. fxe5 dxe5 13. d5 Nh5 14. Nb3 Rc8 15.
g3 Nhf6 16. Bd2 a5 17. a4 Qe7 18. Rac1 Rxc1 19. Rxc1 Rc8 20. Rxc8+ Bxc8 21. h3
Nh5 22. Kg2 Ndf6 23. Bb5 Qc7 24. Qd3 Bf8 25. Bc3 Bd6 26. Qe3 1/2-1/2

[Event "76. LJUBLJANSKA SAHOVSKA LIGA 2024"]
[Site "gostovanja"]
[Date "2024.01.25"]
[Round "2.4"]
[White "Keber, Aljosa"]
[Black "Sotirov, Slavko"]
[Result "1-0"]
[WhiteElo "2061"]
[BlackElo "1689"]
[PlyCount "41"]
[EventDate "2024.01.25"]
[WhiteTeam "SK KOMENDA POPOTNIK"]
[BlackTeam "SK VISNJA GORA - STICNA"]

1. e4 e5 2. Nf3 d6 3. d4 Bg4 4. dxe5 Bxf3 5. Qxf3 dxe5 6. Bc4 Qf6 7. Qb3 b6 8.
Nc3 c6 9. Be3 Be7 10. O-O-O Nh6 11. h3 O-O 12. g4 g5 13. a4 b5 14. axb5 cxb5
15. Nd5 Qe6 16. Qxb5 a6 17. Qb7 Nc6 18. Qxc6 Rae8 19. Qxe6 fxe6 20. Nxe7+ Rxe7
21. Bxg5 1-0

[Event "76. LJUBLJANSKA SAHOVSKA LIGA 2024"]
[Site "gostovanja"]
[Date "2024.01.25"]
[Round "2.4"]
[White "Kocmur, Boris"]
[Black "Zidar, Jernej"]
[Result "0-1"]
[WhiteElo "1626"]
[BlackElo "2000"]
[PlyCount "82"]
[EventDate "2024.01.25"]
[WhiteTeam "SK VISNJA GORA - STICNA"]
[BlackTeam "SK KOMENDA POPOTNIK"]

1. e4 c5 2. Nf3 d6 3. d4 cxd4 4. Nxd4 Nf6 5. Nc3 a6 6. Bc4 e6 7. a4 Nbd7 8. Be3
Qc7 9. Ba2 Nc5 10. f3 Bd7 11. O-O Be7 12. b4 Nb3 13. Bxb3 Qxc3 14. Qd2 Rc8 15.
Qxc3 Rxc3 16. Bd2 Rc7 17. b5 e5 18. Nf5 Bxf5 19. exf5 O-O 20. bxa6 bxa6 21. Ba5
Rc6 22. Rad1 d5 23. Bxd5 Rc5 24. Bb4 Nxd5 25. Rxd5 Rxd5 26. Bxe7 Rc8 27. Rc1
Ra5 28. c4 Rxa4 29. c5 Rc6 30. Rb1 h5 31. h3 Rf4 32. Rb6 Rxb6 33. cxb6 Ra4 34.
Kf2 Ra2+ 35. Ke3 Rb2 36. Ke4 Rxb6 37. Kxe5 a5 38. g4 hxg4 39. fxg4 a4 40. Kd5
Rb3 41. h4 a3 0-1

[Event "76. LJUBLJANSKA SAHOVSKA LIGA 2024"]
[Site "gostovanja"]
[Date "2024.01.25"]
[Round "2.5"]
[White "Veskovic, Dzemal"]
[Black "Jese, Janez"]
[Result "1-0"]
[WhiteElo "1811"]
[BlackElo "1710"]
[PlyCount "67"]
[EventDate "2024.01.25"]
[WhiteTeam "SD MENGES - TRZIN"]
[BlackTeam "SK MEDVODE"]

1. e4 e5 2. Nc3 Nf6 3. Nf3 Nc6 4. h3 Bc5 5. a3 a5 6. Bc4 d6 7. d3 h6 8. Be3
Bxe3 9. fxe3 O-O 10. Qe2 Qe8 11. g4 Nh7 12. O-O-O Be6 13. Nd5 Rc8 14. Rdg1 Ne7
15. g5 h5 16. Nh4 Bxd5 17. exd5 g6 18. d4 exd4 19. exd4 Qd7 20. Qd3 Rb8 21. Bb5
c6 22. dxc6 bxc6 23. Ba4 d5 24. Qc3 Qd6 25. Qg3 Qxg3 26. Rxg3 Rbc8 27. Re1 Rfe8
28. Rge3 Kf8 29. Nf3 f6 30. gxf6 Nxf6 31. Ng5 Nfg8 32. c3 Kg7 33. Re6 Kf8 34.
Rf1+ 1-0

[Event "76. LJUBLJANSKA SAHOVSKA LIGA 2024"]
[Site "gostovanja"]
[Date "2024.01.25"]
[Round "2.5"]
[White "Arcon, Roman"]
[Black "Sedlar, Tomo"]
[Result "0-1"]
[WhiteElo "1545"]
[BlackElo "1786"]
[PlyCount "60"]
[EventDate "2024.01.25"]
[WhiteTeam "SK MEDVODE"]
[BlackTeam "SD MENGES - TRZIN"]

1. e4 e5 2. d4 exd4 3. c3 d3 4. Bxd3 Nc6 5. Be3 d6 6. Nd2 Nf6 7. h3 g6 8. Ngf3
Bg7 9. g4 Qe7 10. Qc2 Bd7 11. O-O-O O-O-O 12. Rde1 Kb8 13. Nd4 Rhe8 14. f4 h5
15. g5 Ng8 16. f5 Bxd4 17. cxd4 Nb4 18. Qb3 Nxd3+ 19. Qxd3 d5 20. f6 Qb4 21.
exd5 Bf5 22. Qc3 Qa4 23. a3 Rxd5 24. Bf4 Rc8 25. Nb3 b6 26. Re2 Kb7 27. Rhe1 c5
28. Qf3 Qc4+ 29. Kd1 cxd4 30. Rd2 Bc2+ 0-1

[Event "76. LJUBLJANSKA SAHOVSKA LIGA 2024"]
[Site "gostovanja"]
[Date "2024.01.25"]
[Round "2.5"]
[White "Simicak, Metod"]
[Black "Krupenko, Andrej"]
[Result "1-0"]
[WhiteElo "1746"]
[BlackElo "1297"]
[PlyCount "107"]
[EventDate "2024.01.25"]
[WhiteTeam "SD MENGES - TRZIN"]
[BlackTeam "SK MEDVODE"]

1. e4 e5 2. Nf3 Nc6 3. Bb5 a6 4. Bxc6 dxc6 5. h3 Nf6 6. O-O Nxe4 7. Qe2 Nf6 8.
Qxe5+ Be7 9. Re1 Qd6 10. d4 h6 11. Bf4 Be6 12. Nbd2 O-O 13. c4 Qxe5 14. Bxe5
Rac8 15. a3 Rfe8 16. b4 Nd7 17. Bh2 Bd6 18. Re3 Nf6 19. Rae1 Kf8 20. Ne5 Red8
21. Ndf3 Nd7 22. Ng6+ fxg6 23. Rxe6 Bxh2+ 24. Kxh2 Nf6 25. g4 Re8 26. g5 Rxe6
27. Rxe6 hxg5 28. Nxg5 Re8 29. f3 Rd8 30. Re3 Rd7 31. Rd3 Nh5 32. Ne6+ Kf7 33.
Nc5 Re7 34. Nxb7 Re2+ 35. Kg1 Nf4 36. Kf1 Re1+ 37. Kxe1 Nxd3+ 38. Kd2 Nf4 39.
Nd8+ Kf6 40. Nxc6 Nxh3 41. Nb8 Nf4 42. Nxa6 Ke6 43. Nxc7+ Kd6 44. Ne8+ Ke7 45.
Nc7 g5 46. d5 Ng6 47. Ne6 Kf6 48. c5 Ne5 49. Ke2 Nc4 50. a4 Ke5 51. Nc7 Kf6 52.
a5 Ke7 53. a6 Kd7 54. a7 1-0

[Event "76. LJUBLJANSKA SAHOVSKA LIGA 2024"]
[Site "gostovanja"]
[Date "2024.01.25"]
[Round "2.6"]
[White "Jukan, Nesib"]
[Black "Justin, Matjaz"]
[Result "0-1"]
[WhiteElo "1943"]
[BlackElo "2209"]
[PlyCount "114"]
[EventDate "2024.01.25"]
[WhiteTeam "SK TRZIN"]
[BlackTeam "SD VRHNIKA"]

1. d4 Nf6 2. Bg5 e6 3. c4 c5 4. Bxf6 Qxf6 5. Nf3 cxd4 6. Qxd4 Bb4+ 7. Nbd2 Qxd4
8. Nxd4 Nc6 9. e3 Nxd4 10. exd4 b6 11. a3 Be7 12. Be2 Bf6 13. Nf3 Bb7 14. Rd1
Rc8 15. b3 d5 16. O-O Ba6 17. Rc1 Ke7 18. Rfd1 Rhd8 19. Kf1 dxc4 20. bxc4 Bb7
21. Ne5 Bxe5 22. dxe5 Rxd1+ 23. Rxd1 Rc5 24. f4 Ba6 25. Rc1 b5 26. Kf2 bxc4 27.
Rc3 f6 28. exf6+ gxf6 29. Ke3 Kd6 30. g4 e5 31. Ke4 exf4 32. Kxf4 Rd5 33. Bf3
Rd4+ 34. Ke3 Kc5 35. Be4 Rd7 36. Bf5 Re7+ 37. Kd2 Kd4 38. Rh3 c3+ 39. Kd1 Be2+
40. Kc2 Bb5 41. Kd1 Ba4+ 42. Bc2 Bxc2+ 43. Kxc2 Re2+ 44. Kd1 Rd2+ 45. Kc1 Rg2
46. Rh4 Kd5 47. Rh3 Kc4 48. Rxh7 Rxg4 49. Rxa7 Rg1+ 50. Kc2 Rg2+ 51. Kc1 Rxh2
52. Rc7+ Kb3 53. Rb7+ Kxa3 54. Ra7+ Kb3 55. Rb7+ Kc4 56. Rc7+ Kd3 57. Rd7+ Ke4
0-1

[Event "76. LJUBLJANSKA SAHOVSKA LIGA 2024"]
[Site "gostovanja"]
[Date "2024.01.25"]
[Round "2.6"]
[White "Praznik, Anton"]
[Black "Rijavec, Stane"]
[Result "1/2-1/2"]
[WhiteElo "1990"]
[BlackElo "1808"]
[PlyCount "48"]
[EventDate "2024.01.25"]
[WhiteTeam "SD VRHNIKA"]
[BlackTeam "SK TRZIN"]

1. e4 c5 2. Nf3 e6 3. d3 Nc6 4. g3 d6 5. Bg2 Nf6 6. O-O Be7 7. Qe2 O-O 8. Rd1
Qc7 9. c3 e5 10. h3 d5 11. Nbd2 dxe4 12. dxe4 h6 13. Nh4 Rd8 14. Nf5 Bf8 15.
Rf1 g6 16. Ne3 Be6 17. f4 Nh5 18. Qf3 exf4 19. gxf4 Bd6 20. e5 Bxe5 21. fxe5
Nxe5 22. Qxb7 Qxb7 23. Bxb7 Rab8 24. Bg2 Ng3 1/2-1/2

[Event "76. LJUBLJANSKA SAHOVSKA LIGA 2024"]
[Site "gostovanja"]
[Date "2024.01.25"]
[Round "2.6"]
[White "Konvalinka, Kostja"]
[Black "Vodnik, Val"]
[Result "0-1"]
[WhiteElo "1682"]
[BlackElo "1661"]
[PlyCount "118"]
[EventDate "2024.01.25"]
[WhiteTeam "SK TRZIN"]
[BlackTeam "SD VRHNIKA"]

1. e4 e5 2. Nf3 Nc6 3. Bc4 Bc5 4. c3 Nf6 5. d4 exd4 6. cxd4 Bb4+ 7. Nc3 Nxe4 8.
O-O Bxc3 9. d5 Bf6 10. Re1 Ne7 11. Rxe4 d6 12. Bg5 Bxg5 13. Nxg5 h6 14. Qe2
hxg5 15. Re1 Be6 16. Bb5+ c6 17. dxe6 f6 18. Ba4 Qc7 19. Re3 O-O-O 20. Qg4 Rh4
21. Qd1 d5 22. Rh3 Rxh3 23. gxh3 Rh8 24. Kg2 Rh4 25. Re3 g4 26. Rg3 gxh3+ 27.
Rxh3 Rxh3 28. Kxh3 Qf4 29. Kg2 Qe4+ 30. f3 Qxe6 31. Kf2 Qh3 32. Qg1 Qh4+ 33.
Qg3 Qxa4 34. Qxg7 Qd4+ 35. Ke1 Kd7 36. h3 Qxb2 37. Qg4+ f5 38. Qa4 Qc3+ 39. Kf2
Qc5+ 40. Kg3 Ng6 41. Kg2 f4 42. Qb3 Qc1 43. Qxb7+ Ke6 44. Qxa7 Nh4+ 45. Kf2
Qd2+ 46. Kf1 Qd1+ 47. Kf2 Qxf3+ 48. Ke1 Qe3+ 49. Qxe3+ fxe3 50. Ke2 d4 51. Kd3
Kd6 52. a4 Kc5 53. a5 Kb5 54. Kxd4 e2 55. a6 Kxa6 56. Kc5 e1=Q 57. Kxc6 Qc3+
58. Kd5 Qxh3 59. Ke4 Nf3 0-1

[Event "76. LJUBLJANSKA SAHOVSKA LIGA 2024"]
[Site "gostovanja"]
[Date "2024.01.25"]
[Round "2.6"]
[White "Zlindra, Aljaz"]
[Black "Banko, Franci"]
[Result "1-0"]
[WhiteElo "1489"]
[BlackElo "1396"]
[PlyCount "99"]
[EventDate "2024.01.25"]
[WhiteTeam "SD VRHNIKA"]
[BlackTeam "SK TRZIN"]

1. e4 c5 2. Nc3 Nc6 3. Bb5 a6 4. Bxc6 bxc6 5. Nf3 d6 6. h3 e5 7. O-O Nf6 8. d3
Be7 9. b3 O-O 10. Bb2 Nh5 11. Nxe5 dxe5 12. Qxh5 f5 13. exf5 Rxf5 14. Qe2 Bd6
15. Ne4 Be7 16. Ng3 Rg5 17. Bxe5 Rxe5 18. Qxe5 Bf6 19. Qxc5 Bxa1 20. Rxa1 Qf6
21. Re1 Bd7 22. Ne4 Qf8 23. Qxf8+ Kxf8 24. Nc5 Bc8 25. Ne6+ Kg8 26. g4 Bxe6 27.
Rxe6 Rc8 28. Kg2 Kf7 29. Re4 g5 30. Kg3 h6 31. f4 Kf6 32. f5 a5 33. Re6+ Kg7
34. a4 c5 35. Rg6+ Kh7 36. Ra6 c4 37. Ra7+ Kg8 38. dxc4 Rd8 39. Rxa5 Rd2 40.
Rd5 Rxc2 41. Rd3 Re2 42. Rc3 Re5 43. c5 h5 44. gxh5 Rxf5 45. c6 Rf8 46. b4 Kg7
47. b5 Kh6 48. c7 Rc8 49. b6 Kxh5 50. b7 1-0

[Event "76. LJUBLJANSKA SAHOVSKA LIGA 2024"]
[Site "gostovanja"]
[Date "2024.01.25"]
[Round "2.7"]
[White "Skok, Boris"]
[Black "Poglajen, Franc"]
[Result "1-0"]
[WhiteElo "1925"]
[BlackElo "1758"]
[PlyCount "21"]
[EventDate "2024.01.25"]
[WhiteTeam "SD CRNI GRABEN"]
[BlackTeam "SK KOMENDA POGI"]

1. d4 d5 2. c4 Nf6 3. cxd5 Qxd5 4. Nc3 Qa5 5. Nf3 c6 6. Bd2 e6 7. e4 h6 8. Bd3
Nbd7 9. O-O e5 10. Qe2 Bd6 11. Nb5 1-0

[Event "76. LJUBLJANSKA SAHOVSKA LIGA 2024"]
[Site "gostovanja"]
[Date "2024.01.25"]
[Round "2.7"]
[White "Macek, Inti"]
[Black "Osolin, Bogdan"]
[Result "1/2-1/2"]
[WhiteElo "1408"]
[BlackElo "1916"]
[PlyCount "49"]
[EventDate "2024.01.25"]
[WhiteTeam "SK KOMENDA POGI"]
[BlackTeam "SD CRNI GRABEN"]

1. d4 Nf6 2. c4 e5 3. dxe5 Ng4 4. Nf3 Nc6 5. Bf4 Bb4+ 6. Nbd2 Qe7 7. e3 Ngxe5
8. Nxe5 Nxe5 9. Be2 O-O 10. O-O Qe6 11. Rc1 Re8 12. a3 Bf8 13. Nf3 Nxf3+ 14.
Bxf3 d6 15. Qd5 Rb8 16. Rfd1 b6 17. b4 h6 18. Rb1 Ba6 19. b5 Bb7 20. Qxe6 Rxe6
21. Bxb7 Rxb7 22. Kf1 g5 23. Bg3 Bg7 24. Rd3 Rb8 25. Rbd1 1/2-1/2

[Event "76. LJUBLJANSKA SAHOVSKA LIGA 2024"]
[Site "gostovanja"]
[Date "2024.01.25"]
[Round "2.7"]
[White "Hribar, Janez"]
[Black "Zagar, Katarina"]
[Result "1/2-1/2"]
[WhiteElo "1868"]
[BlackElo "1131"]
[PlyCount "47"]
[EventDate "2024.01.25"]
[WhiteTeam "SD CRNI GRABEN"]
[BlackTeam "SK KOMENDA POGI"]

1. d4 Nf6 2. Nf3 d5 3. Bg5 e6 4. e3 Be7 5. Bd3 h6 6. Bf4 c5 7. c3 Nc6 8. Nbd2
b6 9. Ne5 Nxe5 10. dxe5 Nd7 11. Nf3 Bb7 12. a4 Bc6 13. b3 Qb8 14. h4 Bd8 15.
Qe2 Bc7 16. Bb5 Bxb5 17. Qxb5 Ke7 18. O-O Rd8 19. b4 a6 20. Qd3 Nxe5 21. Nxe5
Bxe5 22. bxc5 Bxf4 23. exf4 g6 24. cxb6 1/2-1/2

[Event "76. LJUBLJANSKA SAHOVSKA LIGA 2024"]
[Site "gostovanja"]
[Date "2024.01.25"]
[Round "2.7"]
[White "Perme, Stanko"]
[Black "Majcen, Zoran"]
[Result "0-1"]
[WhiteElo "1056"]
[BlackElo "1797"]
[PlyCount "92"]
[EventDate "2024.01.25"]
[WhiteTeam "SK KOMENDA POGI"]
[BlackTeam "SD CRNI GRABEN"]

1. e4 e6 2. d4 d5 3. exd5 exd5 4. Bd3 Bd6 5. c3 Ne7 6. Nf3 Bf5 7. O-O O-O 8.
Re1 Bxd3 9. Qxd3 Ng6 10. Be3 c6 11. Nbd2 Qc7 12. Nf1 Nd7 13. Ng3 Rfe8 14. Rac1
Bf4 15. Nh5 Bxe3 16. Rxe3 Rxe3 17. Qxe3 Ndf8 18. Re1 Ne6 19. Ng5 Nxg5 20. Qxg5
Qd7 21. f4 Re8 22. Rf1 f6 23. Qg3 Qf5 24. Qh3 Qxh3 25. gxh3 Re2 26. Rf2 Re1+
27. Rf1 Rxf1+ 28. Kxf1 Kf7 29. f5 Nh4 30. Ng3 g6 31. fxg6+ hxg6 32. Kf2 g5 33.
a3 Kg6 34. Nf1 Nf5 35. b3 Nd6 36. Nd2 f5 37. Kf3 Ne4 38. Nxe4 fxe4+ 39. Ke3 Kh5
40. c4 Kh4 41. Kf2 Kxh3 42. Kg1 e3 43. a4 g4 44. a5 e2 45. Kf2 Kxh2 46. Kxe2 g3
0-1

[Event "76. LJUBLJANSKA SAHOVSKA LIGA 2024"]
[Site "gostovanja"]
[Date "2024.01.25"]
[Round "2.8"]
[White "Benko, Bostjan"]
[Black "Ribicic, Marko"]
[Result "0-1"]
[WhiteElo "1835"]
[BlackElo "1716"]
[PlyCount "96"]
[EventDate "2024.01.25"]
[WhiteTeam "SK ZAGORJE OB SAVI"]
[BlackTeam "ZELENCI LPP"]

1. e4 e5 2. Bc4 Nf6 3. d4 Nc6 4. Nf3 exd4 5. Ng5 d5 6. exd5 Ne5 7. d6 Bxd6 8.
Qe2 O-O 9. O-O h6 10. Ne4 Nxe4 11. Bxf7+ Nxf7 12. Qxe4 Ng5 13. Qd5+ Kh8 14. f4
Qf6 15. Nd2 c6 16. Qb3 Bxf4 17. Nf3 Be6 18. Qxb7 Bc4 19. Bxf4 Qxf4 20. Rf2 Bd5
21. Raf1 Bxf3 22. gxf3 Nh3+ 23. Kg2 Nxf2 24. Rxf2 Qg5+ 25. Kf1 Qb5+ 26. Qxb5
cxb5 27. Ke2 Rfe8+ 28. Kd3 Rad8 29. f4 Re3+ 30. Kd2 Rde8 31. b3 Kg8 32. f5 Kf7
33. Rf4 R8e4 34. Rf2 Kf6 35. Rg2 Rf4 36. Rg6+ Kf7 37. Rd6 Re5 38. Rd7+ Re7 39.
Rd5 Kf6 40. Rxb5 Rf2+ 41. Kd3 Rxh2 42. Kxd4 Rxc2 43. Ra5 h5 44. Kd3 Rg2 45. a3
h4 46. Ra4 h3 47. Rh4 h2 48. a4 Re1 0-1